Risultati della Fiorentina in UEFA Champions League 2009-2010 - Statistics

Statistiche generali
  • Questo quiz è stato fatto 3 volte
  • Il punteggio medio è 3 su 8
Statistiche sulle risposte
Hint Risposta % Corretto
Liverpool - Fiorentina 1-2
67%
Fiorentina - Liverpool 2-0
67%
Bayern Monaco - Fiorentina 2-1
67%
Fiorentina - Olympique Lione 1-0
33%
Fiorentina - Bayern Monaco 3-2
33%
Debrecen - Fiorentina 3-4
33%
Fiorentina - Debrecen 5-2
33%
Olympique Lione - Fiorentina 1-0
0%
Nessun quiz corrispondente trovato
Distribuzione punteggi
Percentuale di utenti per punteggio
Percentile per numero di risposta
I tuoi punteggi nel tempo
Non hai fatto questo quiz